000 00645nab a2200193 4500
001 244442
003 OSt
005 20230609125232.0
007 tu
008 200917s2020|||||||
040 _aDE-2950
_cDE-2950
245 0 0 _aPassender Standort gefunden.
_bBildung. Frankfurt braucht dringend eine dritte Oberschule. Nach Plänen der Stadt könnte diese nun im Schulgebäude in der Beckmannstraße entstehen /
_cThomas Gutke
264 _c2023
653 _aFrankfurt (Oder)
653 _aOberschule
653 _aNeugründung
773 0 _g34. Jahrgang (2023) Nr. 131 vom 08.06.2023, S. 13: mit Foto
_tMärkische Oderzeitung
942 _2z
_cA
999 _c372533
_d372533